Positex as a textile printing paste (Record no. 46149)

MARC details
000 -LEADER
fixed length control field 00321nam a2200109Ia 4500
100 ## - MAIN ENTRY--AUTHOR NAME
Personal name Blow CM
245 #0 - TITLE STATEMENT
Title Positex as a textile printing paste
260 ## - PUBLICATION, DISTRIBUTION, ETC. (IMPRINT)
Name of publisher Positex Pamphlet No.6, published by British Rubber Development Board, London
Year of publication 1947
300 ## - PHYSICAL DESCRIPTION
Number of Pages 8p
942 ## - ADDED ENTRY ELEMENTS (KOHA)
Koha item type Reprints
Holdings
Withdrawn status Lost status Damaged status Not for loan Home library Current library Date acquired Serial Enumeration / chronology Koha item type
      Reprints RRII Library RRII Library 22/12/2021 Volume July, Issue Reprints